[Event "Torneo Euskal Xake Eskola"]
[Site "San Sebastian ESP"]
[Date "2009.07.07"]
[Round "1.1"]
[White "Llaneza Vega, Marcos"]
[Black "Franco Alonso, Alejandro"]
[Result "1-0"]
[WhiteElo "2521"]
[BlackElo "2480"]
[PlyCount "107"]
[EventDate "2009.07.07"]
[EventType "tourn"]
[EventRounds "9"]
[EventCountry "ESP"]
[EventCategory "6"]
[Source "lmi"]
[SourceDate "2009.07.07"]

1. e4 c5 2. Nf3 e6 3. Nc3 a6 4. d4 cxd4 5. Nxd4 Qc7 6. Qf3 Nc6 7. Nxc6 bxc6 8.
Qg3 Qxg3 9. hxg3 d5 10. Bd2 Nf6 11. Bd3 h6 12. f3 Be7 13. O-O-O Nd7 14. g4 Rg8
15. Na4 Bb7 16. Rde1 Nc5 17. Nxc5 Bxc5 18. c4 a5 19. Rh5 Kd7 20. Rd1 Ke7 21.
Bc3 Be3+ 22. Kc2 g6 23. Rhh1 d4 24. Bd2 Bxd2 25. Kxd2 h5 26. c5 hxg4 27. fxg4
Ba6 28. Rdf1 Bxd3 29. Kxd3 Rab8 30. Rf2 e5 31. g5 Rb5 32. Rc1 Rgb8 33. b3 a4
34. bxa4 Ra5 35. Rcf1 Rf8 36. Rb1 Ra7 37. Rb6 Rc8 38. a5 Rcc7 39. a6 Rc8 40.
Rf6 Rac7 41. Rd6 Ke8 42. Kc4 Rd8 43. Rb3 Rcd7 44. Rxd7 Kxd7 45. Rb7+ Kc8 46.
Kd3 Rf8 47. Re7 Kb8 48. Rxe5 Ka7 49. Kxd4 Rd8+ 50. Ke3 Rd7 51. Re8 Kxa6 52. Rb8
Ka5 53. Rb6 Rc7 54. Kd4 1-0

[Event "Torneo Euskal Xake Eskola"]
[Site "San Sebastian ESP"]
[Date "2009.07.07"]
[Round "1.3"]
[White "Huerga Leache, Mikel"]
[Black "Galego, Luis"]
[Result "1/2-1/2"]
[WhiteElo "2456"]
[BlackElo "2435"]
[PlyCount "141"]
[EventDate "2009.07.07"]
[EventType "tourn"]
[EventRounds "9"]
[EventCountry "ESP"]
[EventCategory "6"]
[Source "lmi"]
[SourceDate "2009.07.07"]

1. e4 c5 2. Nf3 e6 3. d4 cxd4 4. Nxd4 a6 5. c4 Nf6 6. Nc3 d6 7. Be3 Nbd7 8. Be2
Be7 9. O-O O-O 10. Rc1 Re8 11. Qd2 Bf8 12. a3 b6 13. f3 Bb7 14. Kh1 Rc8 15. Bg1
Ne5 16. Na4 d5 17. cxd5 Rxc1 18. Qxc1 exd5 19. f4 Ned7 20. e5 Ne4 21. Bf3 b5
22. Nc3 b4 23. axb4 Bxb4 24. Nce2 Nd2 25. Rd1 Nxf3 26. Nxf3 Qc8 27. Qb1 Nf8 28.
f5 f6 29. e6 g6 30. fxg6 hxg6 31. Nf4 g5 32. Nxd5 Bxd5 33. Rxd5 Qxe6 34. Qd3 a5
35. Nxg5 fxg5 36. Rxg5+ Kf7 37. Qf3+ Ke7 38. Rg7+ Kd6 39. h3 Nd7 40. Qb7 Re7
41. Bh2+ Kc5 42. Qc7+ Kb5 43. Rg5+ Nc5 44. Qb8+ Ka4 45. Rg3 Rb7 46. Qf4 Qe4 47.
b3+ Kb5 48. Qf1+ Kb6 49. Bg1 Rc7 50. Rg5 Rh7 51. Qf6+ Kb5 52. Qf1+ Kb6 53. Qf6+
Kb5 54. Qf1+ Kc6 55. Qf6+ Ne6 56. Rg3 Qd5 57. Re3 Re7 58. Re5 Qxb3 59. Rxa5
Bxa5 60. Qxe7 Bc7 61. Qf7 Qc4 62. Qf3+ Kd7 63. Qf7+ Kc8 64. Qf5 Qc6 65. Qd3 Nf4
66. Qf3 Qc1 67. Qe3 Qc4 68. Qf3 Ne2 69. Qg4+ Qxg4 70. hxg4 Kd7 71. Bh2 1/2-1/2

[Event "Torneo Euskal Xake Eskola"]
[Site "San Sebastian ESP"]
[Date "2009.07.07"]
[Round "1.4"]
[White "Flear, Glenn C"]
[Black "Gonzalez De La Torre, Santiago"]
[Result "1-0"]
[WhiteElo "2490"]
[BlackElo "2390"]
[PlyCount "53"]
[EventDate "2009.07.07"]
[EventType "tourn"]
[EventRounds "9"]
[EventCountry "ESP"]
[EventCategory "6"]
[Source "lmi"]
[SourceDate "2009.07.07"]

1. d4 d5 2. c4 c6 3. Nc3 Nf6 4. e3 g6 5. Nf3 Bg7 6. Bd3 O-O 7. O-O dxc4 8. Bxc4
Bg4 9. h3 Bxf3 10. Qxf3 Nbd7 11. Rd1 e5 12. d5 e4 13. Nxe4 Nxe4 14. Qxe4 Nb6
15. Bb3 cxd5 16. Bxd5 Nxd5 17. Rxd5 Qb6 18. Qd3 Rad8 19. e4 Bd4 20. Bg5 Bxf2+
21. Kh1 Qxb2 22. Rf1 Rc8 23. Qf3 Rc2 24. Bh6 Re8 25. Be3 f5 26. Bxf2 fxe4 27.
Qf4 1-0

[Event "Torneo Euskal Xake Eskola"]
[Site "San Sebastian ESP"]
[Date "2009.07.07"]
[Round "1.5"]
[White "Prie, Eric"]
[Black "Martin Alvarez, Iñigo"]
[Result "1-0"]
[WhiteElo "2491"]
[BlackElo "2239"]
[PlyCount "65"]
[EventDate "2009.07.07"]
[EventType "tourn"]
[EventRounds "9"]
[EventCountry "ESP"]
[EventCategory "6"]
[Source "lmi"]
[SourceDate "2009.07.07"]

1. d4 d5 2. Bf4 Nf6 3. e3 g6 4. Nd2 Bg7 5. c3 O-O 6. Ngf3 b6 7. a4 a5 8. h3 Bb7
9. Bb5 Nbd7 10. O-O Ne4 11. Re1 Nxd2 12. Qxd2 f6 13. Bg3 c6 14. Bf1 e5 15. c4
Kh8 16. cxd5 cxd5 17. Rec1 e4 18. Ne1 Rf7 19. Rc7 Ba6 20. Bxa6 Rxa6 21. Rac1
Ra8 22. Qe2 Kg8 23. Qb5 Nf8 24. Rxf7 Kxf7 25. Rc7+ Kg8 26. Qc6 Kh8 27. Nc2 Qe8
28. Qxd5 Rc8 29. Rxc8 Qxc8 30. Qb3 h6 31. Na3 Qb7 32. Nc4 Qd5 33. Qb5 1-0

[Event "Torneo Euskal Xake Eskola"]
[Site "San Sebastian ESP"]
[Date "2009.07.08"]
[Round "2.1"]
[White "Franco Alonso, Alejandro"]
[Black "Martin Alvarez, Iñigo"]
[Result "1-0"]
[WhiteElo "2480"]
[BlackElo "2239"]
[PlyCount "69"]
[EventDate "2009.07.07"]
[EventType "tourn"]
[EventRounds "9"]
[EventCountry "ESP"]
[EventCategory "6"]
[Source "lmi"]
[SourceDate "2009.07.07"]

1. d4 d5 2. c4 c6 3. Nf3 Nf6 4. e3 g6 5. Nc3 Bg7 6. Be2 O-O 7. O-O a6 8. a4 Bg4
9. Qb3 Ra7 10. a5 Ne4 11. h3 dxc4 12. Qxc4 Bxf3 13. Bxf3 Nd6 14. Qb4 Nb5 15.
Rd1 Nd7 16. e4 Ra8 17. Be3 Qe8 18. Rac1 Rc8 19. Qb3 Kh8 20. e5 e6 21. Be2 Qd8
22. Qa2 Re8 23. Ne4 Bf8 24. Bg5 Qc7 25. Rc4 h6 26. Be3 Red8 27. Qa1 Kh7 28. h4
Be7 29. g3 Qb8 30. Qc1 Bf8 31. h5 Nc7 32. hxg6+ fxg6 33. Kg2 Nd5 34. Bxh6 Bxh6
35. Rh1 1-0

[Event "Torneo Euskal Xake Eskola"]
[Site "San Sebastian ESP"]
[Date "2009.07.08"]
[Round "2.2"]
[White "Gonzalez De La Torre, Santiago"]
[Black "Prie, Eric"]
[Result "0-1"]
[WhiteElo "2390"]
[BlackElo "2491"]
[PlyCount "88"]
[EventDate "2009.07.07"]
[EventType "tourn"]
[EventRounds "9"]
[EventCountry "ESP"]
[EventCategory "6"]
[Source "lmi"]
[SourceDate "2009.07.07"]

1. e4 d5 2. exd5 Qxd5 3. Nc3 Qa5 4. d4 Nf6 5. Nf3 Bf5 6. Ne5 c6 7. g4 Be6 8.
Rg1 Ne4 9. Qd3 Nxc3 10. Bd2 Nd7 11. Nxd7 Bxd7 12. Bxc3 Qd5 13. Bg2 Qe6+ 14. Be4
h5 15. g5 f5 16. gxf6 gxf6 17. O-O-O Qxa2 18. Bg6+ Kd8 19. f4 Kc7 20. d5 cxd5
21. b3 Bc6 22. Bf7 Rd8 23. Qf5 Bh6 24. Rge1 Kb8 25. Be6 Qa3+ 26. Kb1 Qc5 27.
Kb2 Qf2 28. Rd4 Qxh2 29. b4 h4 30. Re3 Qf2 31. Rh3 Rd6 32. Qg4 Ba4 33. Bf5 e5
34. Rf3 Qe2 35. Rd2 Qb5 36. fxe5 Rc6 37. Bd3 Qb6 38. Re2 Rhc8 39. Rxf6 Rxf6 40.
exf6 Rxc3 41. Kxc3 Qxf6+ 42. Qd4 Qg5 43. Qh8+ Kc7 44. Qh7+ Bg7+ 0-1

[Event "Torneo Euskal Xake Eskola"]
[Site "San Sebastian ESP"]
[Date "2009.07.08"]
[Round "2.3"]
[White "Galego, Luis"]
[Black "Flear, Glenn C"]
[Result "1/2-1/2"]
[WhiteElo "2435"]
[BlackElo "2490"]
[PlyCount "34"]
[EventDate "2009.07.07"]
[EventType "tourn"]
[EventRounds "9"]
[EventCountry "ESP"]
[EventCategory "6"]
[Source "lmi"]
[SourceDate "2009.07.07"]

1. e4 e5 2. Nf3 Nc6 3. Nc3 Nf6 4. g3 Bb4 5. d3 d5 6. exd5 Nd4 7. Bg2 Bg4 8. h3
Nxf3+ 9. Bxf3 Bxf3 10. Qxf3 Qxd5 11. Qxd5 Nxd5 12. Bd2 Nxc3 13. Bxc3 Bxc3+ 14.
bxc3 O-O-O 15. O-O-O Rd5 16. Rhe1 Rhd8 17. Re4 f6 1/2-1/2

[Event "Torneo Euskal Xake Eskola"]
[Site "San Sebastian ESP"]
[Date "2009.07.08"]
[Round "2.5"]
[White "Llaneza Vega, Marcos"]
[Black "Michna, Christian"]
[Result "0-1"]
[WhiteElo "2521"]
[BlackElo "2224"]
[PlyCount "70"]
[EventDate "2009.07.07"]
[EventType "tourn"]
[EventRounds "9"]
[EventCountry "ESP"]
[EventCategory "6"]
[Source "lmi"]
[SourceDate "2009.07.07"]

1. e4 c5 2. Nf3 e6 3. d4 cxd4 4. Nxd4 Nf6 5. Nc3 Nc6 6. a3 d5 7. Bb5 Bd7 8.
exd5 exd5 9. O-O Be7 10. Nb3 Bg4 11. f3 Bf5 12. Be3 O-O 13. Rc1 Re8 14. Bf2 Bd6
15. Bd3 Bxd3 16. Qxd3 Ne5 17. Qf5 Nc4 18. Rce1 Be5 19. Kh1 Qc8 20. Qxc8 Raxc8
21. Bxa7 Nxb2 22. Nb5 Nc4 23. Bg1 Bb2 24. a4 h6 25. a5 Re6 26. h3 Ra6 27. Re7
Nxa5 28. Nc5 Rac6 29. Rb1 Nh5 30. g4 Bf6 31. Rd7 Nf4 32. Na7 Rxc5 33. Nxc8 Rxc8
34. Be3 Ne2 35. Rxd5 Nc3 0-1

[Event "Torneo Euskal Xake Eskola"]
[Site "San Sebastian ESP"]
[Date "2009.07.09"]
[Round "3.2"]
[White "Huerga Leache, Mikel"]
[Black "Llaneza Vega, Marcos"]
[Result "1/2-1/2"]
[WhiteElo "2456"]
[BlackElo "2521"]
[PlyCount "175"]
[EventDate "2009.07.07"]
[EventType "tourn"]
[EventRounds "9"]
[EventCountry "ESP"]
[EventCategory "6"]
[Source "lmi"]
[SourceDate "2009.07.07"]

1. e4 c5 2. Nf3 e6 3. d4 cxd4 4. Nxd4 a6 5. c4 Qc7 6. Nc3 Nf6 7. a3 Be7 8. Be3
d6 9. Be2 b6 10. Rc1 Bb7 11. f3 Nbd7 12. O-O Rc8 13. Qd2 Qb8 14. b4 O-O 15. Rc2
Bd8 16. Kh1 Re8 17. Na4 Qa8 18. Rfc1 h5 19. Bf2 h4 20. h3 Nh5 21. Nb3 d5 22.
cxd5 Rxc2 23. Rxc2 exd5 24. f4 Ndf6 25. Bxh5 Nxh5 26. e5 d4 27. Bxd4 Re6 28. f5
Ng3+ 29. Kg1 Nxf5 30. Qf4 Nxd4 31. Nxd4 Rg6 32. Rf2 Rxg2+ 33. Rxg2 Bxg2 34. e6
fxe6 35. Nxe6 Bf6 36. Nxb6 Qc6 37. Ng5 Bxg5 38. Qxg5 Bxh3 39. Nd5 Qc4 40. Nf4
Bc8 41. Qd8+ Kf7 42. Qxh4 Qc1+ 43. Kf2 Qb2+ 44. Kg1 Qc1+ 45. Kf2 Qd2+ 46. Ne2
Be6 47. Qh5+ Kf6 48. Qf3+ Kg6 49. Qc6 Kf7 50. Qxa6 Qc2 51. Qa7+ Kg8 52. Qb8+
Kh7 53. Qe5 Qa2 54. Qe4+ Kh8 55. b5 Qxa3 56. Qxe6 Qc5+ 57. Kg3 Qxb5 58. Nf4
Qg5+ 59. Kf3 Qf6 60. Qh3+ Kg8 61. Qc8+ Kh7 62. Kg4 g6 63. Qb7+ Kg8 64. Qb3+ Kh7
65. Qb7+ Kh6 66. Qb8 Kh7 67. Qe8 Qf5+ 68. Kg3 Qf6 69. Qe3 Qg5+ 70. Kf3 Qf6 71.
Qe4 Qc3+ 72. Kg4 Qf6 73. Qe8 Qf5+ 74. Kg3 Qf6 75. Ne6 Qe5+ 76. Kf3 Qf5+ 77. Ke3
Qe5+ 78. Kd3 Qd5+ 79. Kc3 Qe5+ 80. Kc4 Qe4+ 81. Kc5 Qe5+ 82. Kc6 Qe4+ 83. Kd6
Qb4+ 84. Ke5 Qc3+ 85. Ke4 Qc2+ 86. Kd5 Qb3+ 87. Ke5 Qc3+ 88. Kd6 1/2-1/2

[Event "Torneo Euskal Xake Eskola"]
[Site "San Sebastian ESP"]
[Date "2009.07.09"]
[Round "3.4"]
[White "Prie, Eric"]
[Black "Galego, Luis"]
[Result "1/2-1/2"]
[WhiteElo "2491"]
[BlackElo "2435"]
[PlyCount "108"]
[EventDate "2009.07.07"]
[EventType "tourn"]
[EventRounds "9"]
[EventCountry "ESP"]
[EventCategory "6"]
[Source "lmi"]
[SourceDate "2009.07.07"]

1. d4 Nf6 2. Bf4 d6 3. e3 Nbd7 4. Nf3 Nh5 5. Bg5 h6 6. Bh4 g5 7. Nfd2 Ndf6 8.
Be2 Ng7 9. Bg3 Nf5 10. Bd3 Nxg3 11. hxg3 Bg7 12. Nc3 c5 13. dxc5 dxc5 14. Qe2
Nd7 15. f4 gxf4 16. exf4 Bxc3 17. bxc3 Nf6 18. Ne4 Qb6 19. O-O-O Bd7 20. Bc4
O-O-O 21. Bxf7 Bg4 22. Rxd8+ Rxd8 23. Qc4 Nxe4 24. Qxe4 Qd6 25. Re1 Rd7 26. Kb2
Qb6+ 27. Bb3 h5 28. Qc4 Kb8 29. Re5 Rc7 30. a4 a6 31. f5 Qd6 32. Rd5 Qc6 33. a5
Rc8 34. Ba4 Qc7 35. Rd7 Qxa5 36. Rxe7 Qb6+ 37. Bb3 Ka7 38. Re6 Qc7 39. Qe4 c4
40. Ba4 Qc5 41. Re5 Qb6+ 42. Ka2 Rc7 43. Be8 Rc5 44. Rxc5 Qxc5 45. f6 Qa5+ 46.
Kb2 Qb6+ 47. Kc1 Qxf6 48. Qxc4 Qe7 49. Bf7 Qe1+ 50. Kb2 Qxg3 51. Qc5+ Kb8 52.
Qf8+ Ka7 53. Qc5+ Kb8 54. Qf8+ Ka7 1/2-1/2

[Event "Torneo Euskal Xake Eskola"]
[Site "San Sebastian ESP"]
[Date "2009.07.09"]
[Round "3.5"]
[White "Martin Alvarez, Iñigo"]
[Black "Gonzalez De La Torre, Santiago"]
[Result "0-1"]
[WhiteElo "2239"]
[BlackElo "2390"]
[PlyCount "74"]
[EventDate "2009.07.07"]
[EventType "tourn"]
[EventRounds "9"]
[EventCountry "ESP"]
[EventCategory "6"]
[Source "lmi"]
[SourceDate "2009.07.07"]

1. e4 c5 2. Nf3 e6 3. d4 cxd4 4. Nxd4 a6 5. Bd3 Bc5 6. Nb3 Be7 7. Qg4 g6 8. Qe2
d6 9. Be3 Nd7 10. N1d2 Qc7 11. O-O-O Ngf6 12. f4 e5 13. Kb1 b5 14. g4 exf4 15.
Bxf4 Ne5 16. h3 Nfd7 17. c4 O-O 18. Rc1 Qb8 19. g5 Rd8 20. h4 Nxd3 21. Qxd3 Ne5
22. Bxe5 dxe5 23. Qe2 bxc4 24. Nxc4 Qb5 25. h5 Bxg5 26. hxg6 hxg6 27. Qh2 Bf6
28. Rcf1 Bg7 29. Qh7+ Kf8 30. Rxf7+ Kxf7 31. Rf1+ Bf5 32. exf5 Qxc4 33. fxg6+
Ke6 34. Qh3+ Ke7 35. Rf7+ Ke8 36. a3 Rd1+ 37. Ka2 Rd3 0-1

[Event "Torneo Euskal Xake Eskola"]
[Site "San Sebastian ESP"]
[Date "2009.07.11"]
[Round "4.1"]
[White "Franco Alonso, Alejandro"]
[Black "Gonzalez De La Torre, Santiago"]
[Result "0-1"]
[WhiteElo "2480"]
[BlackElo "2390"]
[PlyCount "138"]
[EventDate "2009.07.07"]
[EventType "tourn"]
[EventRounds "9"]
[EventCountry "ESP"]
[EventCategory "6"]
[Source "lmi"]
[SourceDate "2009.07.07"]

1. d4 d5 2. c4 c6 3. Nf3 Nf6 4. e3 e6 5. b3 dxc4 6. Bxc4 c5 7. O-O Nc6 8. Bb2
a6 9. Be2 Bd7 10. Nbd2 cxd4 11. Nxd4 Bc5 12. Nc4 O-O 13. Bf3 Rc8 14. Rc1 Qe7
15. Nxc6 Bxc6 16. Bxc6 Rxc6 17. Bxf6 gxf6 18. Qf3 Rfc8 19. Na5 R6c7 20. Rc4 b5
21. Rg4+ Kh8 22. Rh4 f5 23. Qf4 Bd6 24. Qh6 f6 25. b4 Bxb4 26. Nb3 Bc3 27. g3
Rc4 28. Nd4 Bxd4 29. exd4 Ra4 30. Re1 Rc7 31. d5 Rxh4 32. Qxh4 e5 33. Qh5 Qd7
34. Qh6 Qg7 35. Qd2 Qd7 36. Qh6 Qg7 37. d6 Rd7 38. Qd2 Qg4 39. Rc1 f4 40. Qd5
Kg7 41. Rc8 Kh6 42. Rf8 Qf5 43. h4 fxg3 44. fxg3 Rg7 45. Qd2+ Kh5 46. Qe2+ Qg4
47. Qf2 Qxh4 48. Qf3+ Qg4 49. Rxf6 Qxf3 50. Rxf3 Kg4 51. Ra3 Rd7 52. Rxa6 Kxg3
53. Ra3+ Kf4 54. Rd3 e4 55. Rd5 e3 56. Kf1 Ke4 57. Rd1 Kf3 58. Rd5 b4 59. Ke1
Rg7 60. Rf5+ Ke4 61. Rb5 Rg1+ 62. Ke2 Rg2+ 63. Ke1 Rg1+ 64. Ke2 Rg2+ 65. Ke1
Rxa2 66. Rxb4+ Kf3 67. Rd4 Rg2 68. Kd1 e2+ 69. Kd2 Rg1 0-1

[Event "Torneo Euskal Xake Eskola"]
[Site "San Sebastian ESP"]
[Date "2009.07.11"]
[Round "4.2"]
[White "Galego, Luis"]
[Black "Martin Alvarez, Iñigo"]
[Result "1-0"]
[WhiteElo "2435"]
[BlackElo "2239"]
[PlyCount "87"]
[EventDate "2009.07.07"]
[EventType "tourn"]
[EventRounds "9"]
[EventCountry "ESP"]
[EventCategory "6"]
[Source "lmi"]
[SourceDate "2009.07.07"]

1. e4 c5 2. Nf3 e6 3. Nc3 a6 4. g3 b5 5. Bg2 Bb7 6. d3 d6 7. O-O Nf6 8. a3 Be7
9. Ng5 Qc7 10. f4 h6 11. Nh3 Nbd7 12. Qe2 Nb6 13. Nf2 Nfd7 14. Bd2 h5 15. a4 b4
16. a5 bxc3 17. axb6 Qxb6 18. Bxc3 e5 19. Bh3 Bc6 20. Bxd7+ Bxd7 21. fxe5 dxe5
22. Bxe5 h4 23. g4 Rh6 24. Kh1 h3 25. b3 Bf6 26. Bxf6 Qxf6 27. Rg1 Rg6 28. Raf1
O-O-O 29. Rg3 Rh8 30. Nd1 Qg5 31. Ne3 Rh4 32. Rxf7 Bxg4 33. Qf2 Rf6 34. Rxf6
gxf6 35. Nf5 Rh7 36. Ne3 Rh4 37. Kg1 Kb7 38. Kf1 Ka7 39. Ke1 Kb7 40. Kd2 Ka8
41. Kc1 Kb7 42. Kb1 Ka8 43. Qg1 c4 44. dxc4 1-0

[Event "Torneo Euskal Xake Eskola"]
[Site "San Sebastian ESP"]
[Date "2009.07.11"]
[Round "4.4"]
[White "Llaneza Vega, Marcos"]
[Black "Flear, Glenn C"]
[Result "1/2-1/2"]
[WhiteElo "2521"]
[BlackElo "2490"]
[PlyCount "171"]
[EventDate "2009.07.07"]
[EventType "tourn"]
[EventRounds "9"]
[EventCountry "ESP"]
[EventCategory "6"]
[Source "lmi"]
[SourceDate "2009.07.07"]

1. e4 e5 2. Nf3 Nc6 3. Bb5 a6 4. Ba4 Nf6 5. O-O Be7 6. Re1 b5 7. Bb3 d6 8. c3
O-O 9. h3 Na5 10. Bc2 c5 11. d4 Qc7 12. b4 cxb4 13. cxb4 Nc4 14. Nbd2 Be6 15.
d5 Bd7 16. Nxc4 Qxc4 17. Bd2 Rfc8 18. Bb3 Qc7 19. Qe2 Qb7 20. g4 Bd8 21. Kh2
Bb6 22. Rg1 a5 23. bxa5 Bxa5 24. Bxa5 Rxa5 25. g5 Ne8 26. Nh4 Rc3 27. Rg3 Qc8
28. Rag1 b4 29. Nf3 Rac5 30. Nd2 g6 31. Nb1 Rxg3 32. fxg3 Bxh3 33. g4 Rc1 34.
Rxc1 Qxc1 35. Kxh3 Qxb1 36. Qb5 Qh1+ 37. Kg3 Qe1+ 38. Kh3 Qc3+ 39. Kh4 Nc7 40.
Qb8+ Kg7 41. Ba4 Qe1+ 42. Kh3 Qe3+ 43. Kh2 Qd2+ 44. Kh3 Qc3+ 45. Kh4 Qe1+ 46.
Kh3 Qe3+ 47. Kh2 Qf2+ 48. Kh3 Qf1+ 49. Kh2 Qc4 50. Kh3 Qd3+ 51. Kh2 Qe2+ 52.
Kh3 Qf3+ 53. Kh2 Qf2+ 54. Kh3 Qc5 55. Qd8 Qe3+ 56. Kh2 Qf4+ 57. Kh3 Nxd5 58.
exd5 e4 59. Bb3 e3 60. Qf6+ Qxf6 61. gxf6+ Kxf6 62. Kg3 e2 63. Kf2 Kg5 64. Ba4
Kxg4 65. Be8 f5 66. Kxe2 Kg3 67. Kd3 f4 68. Kc4 h5 69. Bxg6 h4 70. Kd3 f3 71.
Be4 Kf2 72. Bf5 Kg2 73. Be4 Kf2 74. Bf5 Kg1 75. Bh3 Kh2 76. Bf1 Kg1 77. Bh3 Kh2
78. Bf1 Kg3 79. Ke3 f2 80. Ke2 h3 81. Bxh3 Kxh3 82. Kxf2 Kg4 83. Ke3 Kf5 84.
Kd4 Kf4 85. Kc4 Ke4 86. Kxb4 1/2-1/2

[Event "Torneo Euskal Xake Eskola"]
[Site "San Sebastian ESP"]
[Date "2009.07.11"]
[Round "4.5"]
[White "Michna, Christian"]
[Black "Huerga Leache, Mikel"]
[Result "1-0"]
[WhiteElo "2224"]
[BlackElo "2456"]
[PlyCount "155"]
[EventDate "2009.07.07"]
[EventType "tourn"]
[EventRounds "9"]
[EventCountry "ESP"]
[EventCategory "6"]
[Source "lmi"]
[SourceDate "2009.07.07"]

1. e4 e6 2. d4 d5 3. Nc3 Bb4 4. exd5 exd5 5. Bd3 Nc6 6. a3 Bxc3+ 7. bxc3 Nge7
8. Qh5 Be6 9. Rb1 b6 10. Nf3 Qd7 11. Ng5 O-O-O 12. Nxe6 Qxe6+ 13. Be3 Na5 14.
O-O g6 15. Qf3 f6 16. Rfe1 Qf7 17. Bg5 Rd6 18. Re2 Rf8 19. Bh6 Rfd8 20. Rbe1
Nf5 21. Bxf5+ gxf5 22. Qxf5+ Qd7 23. Qd3 Qa4 24. Re7 R6d7 25. h4 Qc4 26. Qh3
Qa4 27. Rxh7 Kb7 28. Rxd7 Qxd7 29. Qxd7 Rxd7 30. g4 Rh7 31. g5 Nc4 32. Re6 Nxa3
33. Rxf6 Nc4 34. g6 Rxh6 35. g7 Rxf6 36. g8=Q a5 37. Qxd5+ Rc6 38. Qb5 Nd6 39.
Qb3 b5 40. h5 a4 41. Qd5 Nc4 42. h6 a3 43. Qxb5+ Nb6 44. Qb3 Rg6+ 45. Kf1 Rxh6
46. Qxa3 Rc6 47. Ke2 Re6+ 48. Kf3 Rf6+ 49. Kg2 Rg6+ 50. Kf1 Rc6 51. f3 Nc4 52.
Qb4+ Kc8 53. d5 Ne3+ 54. Kf2 Nxd5 55. Qe4 Rd6 56. c4 Nf6 57. Qf5+ Nd7 58. f4
Rd4 59. Qf7 c6 60. Ke3 Rd1 61. f5 Re1+ 62. Kf4 Rf1+ 63. Kg3 Rg1+ 64. Kf2 Rc1
65. Qe8+ Kc7 66. Qe4 Rb1 67. f6 Rb8 68. f7 Ra8 69. Qe8 Ra2 70. Qe4 Ra8 71. c5
Ra2 72. Qf4+ Kb7 73. f8=Q Rxc2+ 74. Ke3 Nxf8 75. Qxf8 Ka6 76. Qf1+ Ka5 77. Qe1+
Ka4 78. Qd1 1-0

[Event "Torneo Euskal Xake Eskola"]
[Site "San Sebastian ESP"]
[Date "2009.07.12"]
[Round "5.2"]
[White "Flear, Glenn C"]
[Black "Michna, Christian"]
[Result "1-0"]
[WhiteElo "2490"]
[BlackElo "2224"]
[PlyCount "69"]
[EventDate "2009.07.07"]
[EventType "tourn"]
[EventRounds "9"]
[EventCountry "ESP"]
[EventCategory "6"]
[Source "lmi"]
[SourceDate "2009.07.07"]

1. d4 g6 2. e4 Bg7 3. c4 d6 4. Nc3 e5 5. Nge2 Nd7 6. Be3 Nh6 7. f3 f6 8. Qd2
Nf7 9. g3 c6 10. Bg2 Qe7 11. O-O O-O 12. Kh1 Re8 13. Rae1 exd4 14. Nxd4 Nf8 15.
f4 Qc7 16. h3 Bd7 17. g4 h6 18. Rg1 Re7 19. Bf3 Rae8 20. h4 Qc8 21. h5 g5 22.
Nf5 Bxf5 23. exf5 gxf4 24. Bxf4 Rxe1 25. Rxe1 Rxe1+ 26. Qxe1 Ne5 27. Be2 Kh7
28. Qd2 Qd8 29. Qd4 a6 30. a3 Nfd7 31. Ne4 Bf8 32. Nxd6 c5 33. Qd2 Nb6 34. Ne4
Qe8 35. Nxf6+ 1-0

[Event "Torneo Euskal Xake Eskola"]
[Site "San Sebastian ESP"]
[Date "2009.07.12"]
[Round "5.5"]
[White "Gonzalez De La Torre, Santiago"]
[Black "Galego, Luis"]
[Result "1/2-1/2"]
[WhiteElo "2390"]
[BlackElo "2435"]
[PlyCount "91"]
[EventDate "2009.07.07"]
[EventType "tourn"]
[EventRounds "9"]
[EventCountry "ESP"]
[EventCategory "6"]
[Source "lmi"]
[SourceDate "2009.07.07"]

1. e4 c5 2. Nf3 e6 3. Nc3 a6 4. g3 b5 5. d4 cxd4 6. Nxd4 Bb7 7. Bg2 Nf6 8. O-O
d6 9. Re1 e5 10. Nf5 g6 11. Ne3 Nbd7 12. a4 b4 13. Ncd5 a5 14. c3 bxc3 15. Nxc3
Be7 16. Nc4 Qc7 17. b3 Ba6 18. Bh6 Bxc4 19. bxc4 Qc6 20. c5 dxc5 21. Nd5 Bf8
22. Nxf6+ Nxf6 23. Bf1 c4 24. Qc1 Bxh6 25. Qxh6 Ke7 26. Rac1 c3 27. Re3 c2 28.
Qg5 Qe6 29. Rc3 Rhc8 30. R1xc2 Rxc3 31. Rxc3 Kf8 32. Rc7 Qd6 33. Rb7 Re8 34.
Qh6+ Kg8 35. Qe3 Kg7 36. Bc4 Re7 37. Qa7 Rxb7 38. Qxb7 Qd7 39. Qxd7 Nxd7 40. f3
Nc5 41. Bb5 f5 42. exf5 gxf5 43. Kf2 Kf6 44. Ke3 Ke6 45. f4 h6 46. h3 1/2-1/2

[Event "Torneo Euskal Xake Eskola"]
[Site "San Sebastian ESP"]
[Date "2009.07.13"]
[Round "6.1"]
[White "Franco Alonso, Alejandro"]
[Black "Galego, Luis"]
[Result "1/2-1/2"]
[WhiteElo "2480"]
[BlackElo "2435"]
[PlyCount "89"]
[EventDate "2009.07.07"]
[EventType "tourn"]
[EventRounds "9"]
[EventCountry "ESP"]
[EventCategory "6"]
[Source "lmi"]
[SourceDate "2009.07.07"]

1. d4 Nf6 2. c4 e6 3. Nf3 Bb4+ 4. Nbd2 d5 5. a3 Bxd2+ 6. Bxd2 Ne4 7. Qc2 Nxd2
8. Nxd2 dxc4 9. Qxc4 Nd7 10. Rc1 c6 11. Qc3 O-O 12. e4 Qe7 13. f4 Rd8 14. Be2
Nf6 15. Bf3 Qd7 16. Nb3 b6 17. e5 Nd5 18. Qxc6 Qxc6 19. Rxc6 Nxf4 20. Rc7 Nd5
21. Bxd5 Rxd5 22. Kd2 Bd7 23. Ke3 Be8 24. Rhc1 f6 25. exf6 gxf6 26. Nd2 Bg6 27.
Rc8+ Rd8 28. Rxa8 Rxa8 29. Rc7 b5 30. Ne4 Bxe4 31. Kxe4 a6 32. Re7 Rc8 33. Rxe6
Kf7 34. Rxa6 Rc2 35. Ra7+ Kg6 36. b4 Rxg2 37. Rb7 Ra2 38. d5 Rxa3 39. Rxb5 Ra2
40. d6 Kf7 41. Rd5 Ke8 42. d7+ Kd8 43. h4 Rh2 44. h5 Rh4+ 45. Kf3 1/2-1/2

[Event "Torneo Euskal Xake Eskola"]
[Site "San Sebastian ESP"]
[Date "2009.07.13"]
[Round "6.3"]
[White "Llaneza Vega, Marcos"]
[Black "Martin Alvarez, Iñigo"]
[Result "1-0"]
[WhiteElo "2521"]
[BlackElo "2239"]
[PlyCount "71"]
[EventDate "2009.07.07"]
[EventType "tourn"]
[EventRounds "9"]
[EventCountry "ESP"]
[EventCategory "6"]
[Source "lmi"]
[SourceDate "2009.07.07"]

1. e4 c5 2. Nf3 e6 3. b3 d6 4. Bb2 Nd7 5. g3 Ngf6 6. Qe2 Be7 7. Bg2 O-O 8. O-O
Rb8 9. a4 b6 10. d3 Bb7 11. Nbd2 Qc7 12. Rae1 a6 13. Ng5 h6 14. Nh3 b5 15. axb5
axb5 16. f4 e5 17. g4 c4 18. bxc4 bxc4 19. Nxc4 Ba6 20. Bc1 Bxc4 21. dxc4 Nh7
22. g5 hxg5 23. Nxg5 Bxg5 24. fxg5 Rb4 25. Bh3 Rxc4 26. Bxd7 Rxc2 27. Qg4 Rd8
28. g6 Nf6 29. gxf7+ Kf8 30. Rxf6 Rxc1 31. Rxc1 Qxc1+ 32. Rf1 Qe3+ 33. Kg2 Rxd7
34. Qxd7 Qe2+ 35. Kg3 Qe3+ 36. Rf3 1-0

[Event "Torneo Euskal Xake Eskola"]
[Site "San Sebastian ESP"]
[Date "2009.07.13"]
[Round "6.4"]
[White "Michna, Christian"]
[Black "Prie, Eric"]
[Result "1/2-1/2"]
[WhiteElo "2224"]
[BlackElo "2491"]
[PlyCount "87"]
[EventDate "2009.07.07"]
[EventType "tourn"]
[EventRounds "9"]
[EventCountry "ESP"]
[EventCategory "6"]
[Source "lmi"]
[SourceDate "2009.07.07"]

1. e4 d5 2. exd5 Qxd5 3. Nf3 Bg4 4. Be2 Nc6 5. d4 O-O-O 6. c4 Qf5 7. Be3 Bxf3
8. Bxf3 Nxd4 9. Bxd4 Qe6+ 10. Be2 Qe4 11. O-O Qxd4 12. Qa4 e6 13. Nc3 Bd6 14.
Rfd1 Qe5 15. g3 Kb8 16. Nb5 a6 17. Nxd6 cxd6 18. Bf3 Nf6 19. Rd3 Nd7 20. Rb3
Nc5 21. Qb4 Rd7 22. Re3 Qf6 23. Rd1 Rc8 24. Qa3 Rdd8 25. b4 Nd7 26. b5 Nc5 27.
bxa6 Nxa6 28. Bxb7 Kxb7 29. Rb3+ Kc7 30. Qxa6 Kd7 31. Rxd6+ Ke8 32. Rbd3 Kf8
33. Rd7 Re8 34. Qd6+ Kg8 35. c5 Qa1+ 36. Rd1 Qc3 37. Rd8 h5 38. Rxe8+ Rxe8 39.
Qd7 Ra8 40. c6 Rxa2 41. c7 Rc2 42. Qe8+ Kh7 43. Qxf7 Qe5 44. Qf3 1/2-1/2